IFM Opac

Auditing: A Risk Based Approach (Record no. 22115)

MARC details
000 -LEADER
fixed length control field 00352nam a22001457a 4500
020 ## - INTERNATIONAL STANDARD BOOK NUMBER
ISBN 978-0-357-72187-2
082 ## - DEWEY DECIMAL CLASSIFICATION NUMBER
Classification number 657.47
100 ## - MAIN ENTRY--AUTHOR NAME
Personal name Zehms, Karla
245 ## - TITLE STATEMENT
Title Auditing: A Risk Based Approach
250 ## - EDITION STATEMENT
Edition statement 12th
260 ## - PUBLICATION, DISTRIBUTION, ETC. (IMPRINT)
Place of publication Boston:
Name of publisher Cengage Learning,
Year of publication 2019
300 ## - PHYSICAL DESCRIPTION
Number of Pages xxx, 962p.: ill.; 28cm
500 ## - GENERAL NOTE
General note Includes Index
942 ## - ADDED ENTRY ELEMENTS (KOHA)
Koha item type Books
Holdings
Withdrawn status Lost status Damaged status Not for loan Collection code Permanent Location Current Location Shelving location Date acquired Source of acquisition Full call number Accession Number Price effective from Koha item type
        Non-fiction IFM Main Campus Library IFM Main Campus Library Work Room processing 12/22/2025 Purchase 657.42 ZEH 0000030305 12/22/2025 Books
        Non-fiction IFM Main Campus Library IFM Main Campus Library Work Room processing 12/22/2025 Purchase 657.42 ZEH 0000030303 12/22/2025 Books
        Non-fiction IFM Main Campus Library IFM Main Campus Library Work Room processing 12/22/2025 Purchase 657.42 ZEH 0000030304 12/22/2025 Books